[Event "Norwood Centenary"]
[Site "Norwood"]
[Date "1990.04.14"]
[Round "2.10"]
[White "Hatch, John H"]
[Black "Manning, Cliff"]
[Result "1-0"]
[WhiteElo "1604"]
[BlackElo "1246"]
[PlyCount "55"]
[EventDate "1990.04.14"]
[EventType "swiss"]
[EventRounds "6"]
[EventCountry "AUS"]

1. d4 d5 2. c4 e6 3. Nc3 Bb4 4. Nf3 {Queen's Gambit} Nc6 (4... c5 5. cxd5 (5.
e3 Nc6 6. Bd3 Nge7 7. O-O dxc4 8. Bxc4 O-O 9. a3 Bxc3 10. bxc3 Qc7 11. Qe2 b6
12. a4 Na5 13. Bd3 Bb7 14. Ba3 Rfd8 15. Ne5 Nd5 16. Rac1 f6 17. Nc4 Nxc4 18.
Bxc4 Qc6 19. Bxd5 Qxd5 {
Amura,C-Rubinetti,J/Mar del Plata op 1996/EXP 51/1/2-1/2 (41)}) 5... exd5 6.
Bg5 Ne7 7. dxc5 Nbc6 8. e3 Qa5 9. Rc1 Qxa2 10. Qd2 Qa5 11. Bxe7 Nxe7 12. Bb5+
Nc6 13. O-O O-O 14. Qd3 Ne7 15. Ra1 Bf5 16. Qd4 Bxc3 17. Rxa5 Bxd4 18. Nxd4 a6
19. Rfa1 {Christiansen,L-Kortschnoj,V/Monaco blind 1993/EXP 34/1/2-1/2 (42)})
5. e3 $146 (5. Bf4 dxc4 (5... Nge7 6. e3 Ng6 7. Bg3 O-O 8. Be2 b6 9. cxd5 exd5
10. O-O Bxc3 11. bxc3 Bf5 12. Rc1 Na5 13. c4 dxc4 14. Bxc4 Nxc4 15. Rxc4 Rc8
16. Qd2 Qd7 17. d5 Rfd8 18. e4 Bg4 19. Qc3 Bxf3 20. gxf3 {
Andre,G-Koelln,R/Fredeburg 1994/1-0 (48)}) 6. e3 Bxc3+ 7. bxc3 Na5 8. Ne5 b5 9.
Qg4 Kf8 10. Qg3 Qe7 11. Nf3 Qa3 12. Nd2 Qxc3 13. Rb1 Nf6 14. Qg5 Bd7 15. Qc5+
Kg8 16. f3 Nd5 17. Be2 Nb7 {0-1 Burmeister,F-Henrich,T/OLO-B 1993/GER 03 (17)})
5... Nf6 6. a3 Bxc3+ 7. bxc3 {Controls b4} Ne4 $14 (7... O-O 8. Rb1 $11) 8. Qc2
O-O 9. Bd3 f5 10. O-O Na5 11. cxd5 exd5 12. Ne5 Nc6 13. Nxc6 bxc6 {Covers b5}
14. c4 Ba6 15. Qa4 Bxc4 {Praise the bishop!} 16. Bxc4 dxc4 17. Qxc6 Nd6 18. Bd2
a5 (18... Rc8 19. Bb4 $16) 19. Qd5+ Kh8 20. Bxa5 c6 $2 $18 (20... f4 $142 21.
Bb4 Rf5 $16) 21. Bxd8 cxd5 22. Be7 Ne4 23. Bxf8 Rxf8 24. f3 (24. a4 {
makes it even easier for White} f4 $18) 24... Nd2 25. Rf2 c3 (25... Nb3 26. Rd1
$18) 26. Rc1 Rb8 27. h3 (27. g3 $142 $5 {might be the shorter path} Nb1 $18)
27... Rb3 (27... Kg8 $18) 28. Rxd2 (28. Rxd2 Rxa3 29. Rdc2 $18) 1-0

[Event "Norwood Centenary"]
[Site "Norwood"]
[Date "1990.04.14"]
[Round "2.11"]
[White "Trice, James"]
[Black "Fraser, Lee"]
[Result "1-0"]
[WhiteElo "1543"]
[BlackElo "1245"]
[PlyCount "58"]
[EventDate "1990.04.14"]
[EventType "swiss"]
[EventRounds "6"]
[EventCountry "AUS"]

1. c4 e5 2. Nc3 Nf6 3. g3 Bc5 4. Bg2 c6 5. d3 h6 6. Nf3 {English Opening} d6
$146 {Consolidates e5} (6... Qe7 7. O-O O-O 8. a3 a5 9. Na4 Ba7 10. b4 e4 11.
dxe4 b5 12. cxb5 cxb5 13. Nc3 axb4 14. Nxb5 Nxe4 15. Bb2 Nc6 16. Nxa7 Rxa7 17.
axb4 Qxb4 18. Bxg7 Kxg7 19. Rxa7 Nc3 20. Qa1 Nxa7 21. Qxa7 {
Reschke,T-Holzschuh,G/Giessen op 1995/GER 11/1-0 (39)}) 7. O-O Bf5 $14 (7...
O-O 8. Qd2 $11) 8. a3 {Consolidates b4} e4 $16 (8... Bb6 $142 $5 $11 {
has some apparent merit}) 9. Nh4 Bh7 10. dxe4 O-O (10... Ng4 11. Na4 Nxf2 12.
Rxf2 Bxf2+ 13. Kxf2 Qf6+ 14. Nf5 Bxf5 15. exf5 $16) 11. Nf5 Ne8 12. Na4 Bb6 13.
Nxb6 axb6 14. Bf4 Bxf5 15. exf5 Qf6 16. Qc2 Nd7 17. Rad1 Ne5 18. Rd2 Nc7 19.
Rfd1 Rad8 20. e4 b5 21. c5 dxc5 $2 (21... d5 $18) 22. Rxd8 Rxd8 23. Rxd8+ Qxd8
24. Bxe5 f6 (24... Na6 {doesn't get the cat off the tree} 25. b3 $18) 25. Bxc7
Qxc7 26. Qxc5 b6 27. Qd4 c5 (27... Kf8 {doesn't do any good} 28. f4 $18) 28.
Qd5+ Kh7 29. Bf1 Qe5 (29... b4 {is not much help} 30. axb4 cxb4 31. Bc4 $18)
1-0

[Event "Norwood Centenary"]
[Site "Norwood"]
[Date "1990.04.14"]
[Round "2.12"]
[White "Fereday, Anthony"]
[Black "Sarma, Venu"]
[Result "0-1"]
[WhiteElo "1221"]
[BlackElo "1498"]
[PlyCount "56"]
[EventDate "1990.04.14"]
[EventType "swiss"]
[EventRounds "6"]
[EventCountry "AUS"]

1. e4 c5 2. Nf3 Nc6 3. d4 cxd4 4. Nxd4 Nf6 5. Nc3 a6 6. f4 d6 7. Be2 Qc7 8. Be3
e6 9. a4 Be7 10. O-O O-O 11. Nb3 b6 12. Bf3 Bb7 13. Qe2 {
Sicilian Defence [Scheveningen Variation]} Rac8 (13... Nd7 14. Rfd1 Rab8 15. g3
Rfd8 16. Bg2 Nc5 17. Nd4 Bf6 18. f5 Nxd4 19. Bxd4 Nd7 20. Qf2 Bc6 21. g4 Bxd4
22. Rxd4 Ne5 23. h3 b5 24. axb5 axb5 25. f6 Be8 26. fxg7 b4 27. Nd1 Qc5 28. b3
Ra8 29. Rxa8 Rxa8 30. Rd2 Ra1 31. Kh2 Qxf2 32. Nxf2 Rc1 33. Kg3 Kxg7 34. Kf4 h6
35. Nd1 Kf6 36. Ne3 Ke7 37. Bf1 Bd7 38. h4 Ra1 39. g5 Ng6+ 40. Kg4 hxg5 41.
Kxg5 Ne5 42. Kf4 f6 43. h5 Nf7 44. Kg3 Ra8 45. Rd4 Rg8+ 46. Kf2 Rb8 47. Be2 Ng5
48. Bf3 {De Firmian,N-Kasparov,G/New York PCA 1995/EXP 47/1/2-1/2 (58)}) (13...
Rfd8 14. Qf2 Nd7 15. f5 Nce5 16. fxe6 fxe6 17. Nd4 Nf8 18. Be2 Bf6 19. Qg3 Qe7
20. Rad1 Rac8 21. Nb3 Nfd7 22. Qf2 Rf8 23. Qe1 Nc4 24. Bxc4 Rxc4 25. Bd4 Bc6
26. Qe2 b5 27. Bxf6 Rxf6 28. Na5 Rc5 29. Nxc6 Rxc6 30. axb5 axb5 31. Nxb5 Rxf1+
32. Rxf1 Qg5 33. Nd4 Qc5 34. Qf2 Rc8 35. Nxe6 Qh5 36. c3 h6 37. Qa7 Qb5 38. Qd4
Nf6 39. Nxg7 Ng4 40. Nf5 Qc5 {1-0 Koch,M-Heuermann,H/NRW-I 1996/GER 13 (40)})
14. Qf2 Nd7 15. Nd2 $146 (15. Rad1 Nc5 16. Rd2 Bf6 17. e5 dxe5 18. Nxc5 bxc5
19. Bxc5 Rfd8 20. Rxd8+ Bxd8 21. fxe5 Nxe5 22. Bxb7 Qxb7 23. Bd4 Bf6 24. Kh1 h6
25. Qg3 Ng6 26. Bxf6 gxf6 27. Rxf6 Qxb2 28. Rxg6+ fxg6 29. Qxg6+ Kf8 30. Qf6+
Kg8 31. Qxe6+ Kg7 32. Qe7+ Kh8 33. Qf6+ Kh7 34. Qf7+ Kh8 35. Qf6+ {
1/2-1/2 Bet,J-Faulks,N/Moscow olm 1994/EXP 44 (35)}) 15... Na5 16. Ndb1 $17 (
16. Rfd1 $5 $11 {is an interesting alternative}) 16... Nc4 17. Rd1 (17. Bc1 d5
18. Kh1 dxe4 19. Bxe4 Bxe4 20. Nxe4 Nf6 $15) 17... Nxe3 $15 (17... Nxb2 $142 $5
18. Re1 Bf6 $19) 18. Qxe3 d5 19. Qd2 (19. exd5 $2 {is a blank shot} Bc5 20. Rd4
e5 (20... Bxd4 $6 21. Qxd4 Qd6 22. Na3 $17) 21. fxe5 Qxe5 (21... Bxd4 $6 22.
Qxd4 Nxe5 23. Nd2 $17) 22. Qxe5 Nxe5 $19) 19... d4 $15 (19... dxe4 20. Bxe4
Bxe4 21. Nxe4 $17) 20. Ne2 (20. Qxd4 $4 {the pawn must remain untouched} Bc5
$19) 20... Qxc2 21. Na3 $19 (21. Qxc2 Rxc2 22. Nxd4 Rxb2 23. e5 Bxf3 24. Nxf3
$19) 21... Bxa3 $17 (21... Qxd2 22. Rxd2 d3 23. Rxd3 $19) 22. Rxa3 Bxe4 23.
Bxe4 Qxe4 24. Nxd4 Nf6 25. Rb3 (25. Re1 Qd5 $17) 25... Nd5 26. Rf1 $2 $19 (26.
Rf3 $142 $5 $17) 26... Rc4 27. Rd3 $2 (27. Nf3 $19) 27... Nb4 (27... Rxa4 $6 {
is much worse} 28. f5 $17) 28. Re1 (28. Re3 {is the last straw} Qxd4 29. Qxd4
Rxd4 30. f5 $19) 28... Qxd3 (28... Qxd3 29. Nf3 Qxd2 30. Nxd2 Rc2 $19) 0-1

[Event "Norwood Centenary"]
[Site "Norwood"]
[Date "1990.04.14"]
[Round "2.13"]
[White "Brown, Cyril D"]
[Black "Egg, Marcel"]
[Result "1-0"]
[WhiteElo "1421"]
[BlackElo "1137"]
[PlyCount "57"]
[EventDate "1990.04.14"]
[EventType "swiss"]
[EventRounds "6"]
[EventCountry "AUS"]

1. e4 c5 2. Nf3 d6 3. c3 Bg4 4. Be2 Nf6 {Sicilian Defence} 5. O-O (5. Qb3 Qb6
6. Qxb6 axb6 7. d3 Nc6 8. Na3 d5 9. Nb5 Rc8 10. Bf4 e6 11. b3 Bh5 12. e5 Nd7
13. d4 Be7 14. Ng5 Bg6 15. O-O O-O 16. h4 h6 17. Nf3 cxd4 18. cxd4 Nb4 19. Rfc1
Be4 20. Nd2 Bh7 21. h5 Kh8 22. g4 f6 23. exf6 Nxf6 24. Bd6 Bxd6 25. Nxd6 Rc6
26. Nxb7 Rb8 27. Rxc6 Nxc6 28. Nd6 Nxd4 {
0-1 Perez Pietronave,C-Fiorito,F/Buenos Aires Clarin op 1995/EXP 46 (28)}) 5...
Nxe4 $2 $18 (5... e6 6. Re1 (6. d3 Nc6 7. Nbd2 Be7 8. h3 Bh5 9. Nh2 Bxe2 10.
Qxe2 b5 11. f4 {1/2-1/2 Kindermann,S-Gavrikov,V/Budapest Texta 1988/CBM 09 (11)
}) 6... Be7 (6... Nc6 7. d4 cxd4 8. cxd4 d5 9. e5 Nd7 10. b3 Bb4 11. Rf1 Qb6
12. Be3 Rc8 13. a3 Be7 14. Nc3 Na5 15. b4 Nc4 16. Na4 Qd8 17. Nc5 b6 18. Nd3
O-O 19. Nfe1 Bf5 20. Bg4 Be4 21. Bh3 a5 22. Bd2 Ra8 23. f3 Bg6 24. f4 axb4 25.
Nxb4 Bxb4 26. Bxb4 Ne3 27. Qe2 Nxf1 28. Qxf1 Re8 29. f5 exf5 30. Nd3 Nf8 31.
Nf4 Ne6 32. Bd6 Qg5 33. Nxd5 Ra5 34. Nxb6 Nf4 35. Qf3 Bh5 36. Qc6 Nxh3+ 37. Kh1
f6 38. gxh3 Qe3 39. Rf1 Qxd4 40. Qc4+ Qxc4 41. Nxc4 {
Fong,J-Karason,A/Saint John op-1 1988/CBM 06/0-1 (60)}) 7. d4 O-O 8. Ng5 Bxe2
9. Rxe2 d5 10. e5 Nfd7 11. Nf3 Nc6 12. Nbd2 cxd4 13. cxd4 Qb6 14. Nf1 Rae8 15.
Ng3 f6 16. exf6 Bxf6 17. Be3 Qc7 18. Rc1 Qd6 19. Qd2 Bd8 20. a3 Bb6 21. Rd1 Re7
22. Qd3 g6 23. Ree1 Ref7 24. Qe2 Re8 25. Ng5 Rf6 26. Qg4 Qf8 27. Nf3 Qg7 28.
Qh4 Rf7 29. Qh3 Rxf3 30. gxf3 Bxd4 31. Bxd4 Nxd4 32. Qg4 e5 33. Rxd4 Nf6 34.
Nh5 Nxh5 35. Rxd5 Nf6 36. Qa4 Rf8 37. Rdxe5 Nh5 38. Qc4+ Kh8 39. Re8 Nf6 40.
Rxf8+ Qxf8 41. Qc7 {1-0 Torre,E-Wojtkiewicz,A/New York op 1989/CBM 12 (41)}) (
5... Qd7 $142 $11 {and Black could well hope to play on}) 6. Qa4+ Qd7 7. Qxe4
Bxf3 (7... Nc6 8. Re1 $18) 8. Bxf3 (8. gxf3 $6 d5 9. Qg4 e6 $16) 8... Nc6 9. d3
(9. d4 cxd4 10. cxd4 e6 $18) 9... h6 10. Be3 (10. Re1 Rd8 $18) 10... e6 11. Qa4
Be7 12. Bxc6 Qxc6 13. Qxc6+ bxc6 14. b4 $16 (14. Nd2 $142 $18 {
White missed this excellent chance}) 14... O-O $2 $18 (14... cxb4 $142 $5 15.
cxb4 Bf6 $16) 15. bxc5 dxc5 16. Nd2 Rfd8 17. d4 cxd4 18. cxd4 Bf6 19. Nb3 a5
20. a4 Rdb8 21. Rab1 Be7 (21... Rb4 22. Nc5 Rab8 23. Rbc1 $18) 22. Nc5 Bxc5 23.
dxc5 {White terminates the opponent with strong threats} g5 $6 {
doesn't faze the opponent} (23... Rb4 24. Ra1 Rd8 $18) 24. Rb6 Rxb6 (24... Kg7
{cannot change what is in store for ?} 25. f4 $18) 25. cxb6 {
The passed pawn on b6 quickly leads to threats} Rb8 26. Rd1 Kf8 27. Rd7 Ke8 28.
Rc7 Kf8 (28... c5 {doesn't improve anything} 29. b7 c4 30. Bd2 $18) 29. b7 (29.
b7 Kg7 30. Kf1 $18) 1-0

[Event "Norwood Centenary"]
[Site "Norwood"]
[Date "1990.04.14"]
[Round "2.14"]
[White "Wouters, Eddy"]
[Black "Pointer, Geoffrey"]
[Result "0-1"]
[WhiteElo "1135"]
[BlackElo "1364"]
[PlyCount "36"]
[EventDate "1990.04.14"]
[EventType "swiss"]
[EventRounds "6"]
[EventCountry "AUS"]

1. d4 f5 2. Nf3 Nf6 3. c4 e6 4. Bg5 Be7 5. Nc3 {Dutch Defence} O-O (5... b6 6.
e3 Bb7 7. Be2 O-O 8. Qc2 Na6 9. a3 c5 10. O-O Qe8 11. Rad1 h6 12. Bh4 g5 13.
Bg3 Ne4 14. d5 Nxg3 15. hxg3 Bf6 16. Nb5 g4 17. Nh4 Be5 18. Rd2 Kg7 19. Rfd1
Nb8 20. Qb3 {Pieper,C-Moritz,C/BLW9394 1994/BIG 90/1-0 (49)}) 6. Qc2 d6 7. Rc1
$146 (7. e3 Nc6 8. O-O-O d5 9. a3 Ne4 10. Bxe7 Qxe7 11. cxd5 Nxc3 12. Qxc3 exd5
13. Qc5 Qd8 14. Bd3 Rf6 15. Kb1 Rb8 16. Rc1 b6 17. Qc2 b5 18. b4 a5 19. Qb3
axb4 20. axb4 Ne7 21. Rc2 Ra6 {
Dejkalo,S-Polasek,J/Prague Bohemians 1988/CBM 08/0-1 (40)}) (7. e4 Nc6 8. O-O-O
fxe4 9. Nxe4 Nb4 10. Nxf6+ gxf6 11. Qb3 Nxa2+ 12. Kb1 fxg5 13. h4 g4 14. Ng5 h6
15. Qc2 Rf5 16. Kxa2 Qf8 17. f4 Bd7 18. g3 Qg7 19. d5 hxg5 20. hxg5 exd5 21.
Bd3 Raf8 {Guyot,R-Ladanyike Karakas,E/Biel op3 1993/TD 93\07/1-0 (36)}) 7... c5
8. Bxf6 $15 (8. dxc5 $5 dxc5 9. Rd1 $14) 8... Bxf6 9. dxc5 dxc5 10. e3 {
Controls d4} Nc6 11. a3 {Secures b4} Qe8 12. Be2 Qg6 13. O-O b6 14. Rcd1 Rf7 (
14... Bb7 15. Rd7 Rab8 16. g3 $15) 15. Nb5 Re7 16. h3 a6 17. Nc3 Bb7 18. Nh2 $4
$19 {throws away a nice position} (18. Rd6 $142 $11 {saving the game}) 18...
Nb4 (18... Nb4 19. Qe4 $5 fxe4 20. axb4 cxb4 $19) (18... Nd4 $142 {
and Black can already relax} 19. Nd5 Bxd5 20. cxd5 Nxc2 21. Bd3 Nxa3 22. bxa3
exd5 23. Rd2 $19) 0-1

[Event "Norwood Centenary"]
[Site "Norwood"]
[Date "1990.04.14"]
[Round "2.15"]
[White "Balazs, David"]
[Black "Siow, David"]
[Result "1-0"]
[WhiteElo "1330"]
[BlackElo "1130"]
[PlyCount "55"]
[EventDate "1990.04.14"]
[EventType "swiss"]
[EventRounds "6"]
[EventCountry "AUS"]

1. e4 e5 2. f4 exf4 3. Nc3 {King's Gambit [Keres Gambit] Hay comments that
this line is recommended only to players who wish to improve their defensive
technique!!} Nc6 (3... Qh4+ 4. Ke2 d5 (4... d6 5. Nf3 Bg4 6. Nd5 Qd8 7. d4 Nf6
8. Bxf4 Nxe4 9. Qd3 f5 10. h3 Bh5 11. g4 Bf7 12. Ne3 Nc6 13. Nxf5 d5 14. Bg2
Qd7 15. Rae1 O-O-O 16. Ne5 Nxe5 17. Bxe5 h5 18. Rhf1 hxg4 19. hxg4 Bb4 20. c3
Bd6 21. Bxd6 cxd6 22. Kd1 Rh2 23. Rxe4 dxe4 24. Qxe4 Kb8 25. Nxd6 Bxa2 26. Nxb7
Rxg2 27. Nxd8 Bd5 28. Qe5+ Kc8 29. Nc6 Qxc6 30. Rf8+ Kb7 {
0-1 Ekstroem,R-Renner,C/Bodensee Cup 1996/EXP 53 (42)}) 5. Nxd5 Bd6 6. Nf3 Bg4
7. d4 Nc6 8. c3 Nf6 9. Kd3 Nxd5 10. exd5 Bf5+ 11. Ke2 Qe7+ 12. Kf2 Nd8 13. Bb5+
c6 14. Re1 Be4 15. dxc6 O-O 16. cxb7 Qxb7 17. Ba6 Qc6 18. Qe2 Bxf3 19. Qxf3
Qxf3+ 20. Kxf3 g5 21. h4 h6 22. Bc4 Kg7 23. Bd2 Rb8 24. b3 Nc6 25. Re2 Ne7 26.
g3 fxg3 27. hxg5 hxg5 28. Bxg5 Ng6 29. Rh1 Rh8 30. Rxh8 Rxh8 {
0-1 Ullrich,F-Neunhoeffer,H/BL2-S 1995/BL2 (45)}) 4. Bc4 Nf6 5. d4 Nxe4 $15 (
5... Bb4 $5 6. Qd3 Bxc3+ 7. bxc3 Qe7 $17) 6. Bxf7+ $17 (6. Qe2 f5 7. Nxe4 fxe4
8. Bxf4 d5 9. Qh5+ g6 10. Qxd5 Qxd5 11. Bxd5 Nxd4 $11) 6... Kxf7 7. Qh5+ {
White gets kings attack} g6 8. Qd5+ Kg7 9. Nxe4 Qh4+ (9... Bb4+ 10. c3 Qg8 11.
Qxg8+ Rxg8 12. Nf2 (12. cxb4 $2 {looks very tantalising, but} Re8 $19) 12...
Re8+ 13. Kd1 $11) 10. Kf1 Qg4 11. Nf3 d6 {Prevents intrusion on c5+e5} 12. Neg5
Qf5 13. Qb3 $17 (13. Qxf5 $5 Bxf5 14. d5 $15) 13... Nxd4 $15 (13... d5 $142 $5
$17) 14. Qc3 c5 15. Nxd4 {Do you see the mate threat?} cxd4 (15... Qxg5 $4 {
Black cannot capture the knight} 16. Ne6+ Kg8 17. Nxg5 $18) 16. Qxd4+ Qe5 17.
Qxf4 {Threatening mate... how?.} Qb5+ $14 (17... Bf5 18. Qb4 Be7 19. Nf3 $11)
18. Kf2 Bf5 $2 $16 (18... Qf5 $142 $5 $11 {would allow Black to play on}) 19.
Be3 Re8 $18 (19... Kg8 20. g4 $1 {taking the lead} h6 21. gxf5 hxg5 22. Qxg5
$16) 20. Bd4+ Kg8 21. Rae1 Rxe1 22. Rxe1 (22. Kxe1 $6 Qb4+ 23. c3 Qxb2 $11)
22... Bg7 $4 {leading to a quick end} (22... h6 23. Ne6 $1 {the death sentence}
Bxe6 24. Rxe6 Qf5 25. Qxf5 gxf5 26. Bxh8 Kxh8 $18) 23. Qxd6 (23. Bxg7 $142 {
ends the debate} h6 24. Bxh8 $18) 23... Bxd4+ 24. Qxd4 {
Do you see the mate threat?} a6 $4 {Black falls apart} (24... Qd7 25. Qxd7 Bxd7
$18) 25. Qd8+ (25. Re7 Qc5 26. Rg7+ Kf8 27. Rf7+ Kg8 28. Qxc5 Bxc2 29. Qf8#)
25... Kg7 26. Qe7+ $1 {a mean check} Kh6 27. Nf7+ Kh5 (27... Kg7 {
cannot undo what has already been done} 28. Nxh8+ Kh6 29. Qh4+ Kg7 30. Re7+ Kf8
31. Qf6+ Kg8 32. Qg7#) 28. Qg5# 1-0

[Event "Norwood Centenary"]
[Site "Norwood"]
[Date "1990.04.14"]
[Round "2.16"]
[White "Steffensen, Neil"]
[Black "Bailey, Cliff"]
[Result "0-1"]
[WhiteElo "1125"]
[BlackElo "1300"]
[PlyCount "94"]
[EventDate "1990.04.14"]
[EventType "swiss"]
[EventRounds "6"]
[EventCountry "AUS"]

1. d4 (1. e4 c6 2. d4 d5 3. Nc3 dxe4 4. Nxe4 Nf6 5. Nxf6+ exf6 6. Bc4 Qe7+ 7.
Qe2 Bg4 8. Qxe7+ Bxe7 9. Ne2 Nd7 10. Bd3 Nb6 11. c4 O-O-O 12. f3 Be6 13. b3
Rhe8 14. Bb2 f5 15. Kf2 Bf6 16. Rab1 Kc7 17. Rhd1 Bc8 18. a4 g6 19. Bc2 Bg5 20.
Bc1 Bxc1 21. Rbxc1 a5 22. Rd3 Nd7 23. Nc3 Nb8 24. Re1 Rxe1 25. Kxe1 Na6 26. Bb1
Kd7 27. Rd2 Ke7 28. f4 c5 29. d5 Nc7 30. Re2+ Kf8 31. Kf2 Ne8 32. h3 Bd7 33.
Re1 Nd6 34. Rg1 h5 35. Bd3 Re8 36. g3 Re7 37. Be2 Ne4+ 38. Nxe4 Rxe4 39. Bf3
Re8 40. Rd1 b6 41. d6 Rd8 {
1/2-1/2 Matanovic,A-Markland,P/EU-chT Bath 1973/EU-chT (41)}) 1... Nf6 2. c4 g6
{King's Indian Defence} 3. Nd2 e6 $146 (3... Bg7 4. e4 d6 5. g3 e5 6. Ne2 O-O
7. Bg2 Nc6 8. d5 Nb4 9. Nb3 Bd7 10. a3 Na6 11. Nd2 Nc5 12. Qc2 a5 13. b3 Nh5
14. O-O f5 15. f3 Qe7 16. Bb2 Bh6 17. Bc3 b6 18. Kh1 {
Schmidt,R-Schulz,P/BLW 1992/BIG 90/0-1 (37)}) 4. e3 d5 5. c5 {White gains space
} Bg7 6. Ne2 O-O 7. Nb3 Nbd7 8. Nf4 Ne4 9. Bd3 Ndf6 $4 $18 {
hands over the advantage to the opponent} (9... c6 $142 $11 {
would save the game}) 10. O-O $4 $14 {throwing away the advantage} (10. f3 $142
$18 {White has the better game}) 10... b6 {Secures a5} (10... Nd7 11. Qc2 $11)
11. Bd2 $15 (11. f3 bxc5 12. fxe4 $11) 11... Nxd2 $11 (11... bxc5 12. dxc5 e5
13. Ne2 $11) 12. Qxd2 ({Instead of} 12. Nxd2 bxc5 13. dxc5 e5 $15) 12... Qe7
13. Rac1 c6 $14 {Covers b5} (13... e5 $5 14. dxe5 Qxe5 $11) 14. Rfe1 Bb7 15. e4
dxe4 16. Bxe4 Nxe4 17. Rxe4 Rad8 18. Qe2 Rde8 $11 (18... bxc5 19. dxc5 (19.
Rxc5 $143 Bxd4 20. Ra5 Bb6 $19) 19... e5 20. Re1 $11) 19. Qg4 $4 $19 (19. Re1
$142 $11 {is just about the only chance}) 19... f5 20. Qg3 fxe4 21. Nh5 (21.
Ne2 {does not win a prize} e5 $19) 21... gxh5 22. Re1 Qf7 (22... e5 {
makes it even easier for Black} 23. Rxe4 Qf6 24. dxe5 Rxe5 25. Rxe5 Qxe5 26.
Qxe5 Bxe5 27. g3 $19) 23. Rxe4 Qg6 {Black gets in control} 24. Qh4 (24. Qxg6 {
is no salvation} hxg6 25. f4 Ba6 $19) 24... Bf6 25. Qf4 (25. Qg3 {
a last effort to resist the inevitable} e5 26. dxe5 Bxe5 27. Qxg6+ hxg6 28. f3
$19) 25... Bd8 (25... Bxd4 $142 {nails it down} 26. g3 Bxf2+ 27. Kg2 Rxf4 28.
Rxf4 Be3 $19) 26. Qe3 Be7 27. Nd2 (27. Qe1 {is not the saving move} Bg5 28. h3
Ba6 $19) 27... Bd8 $11 (27... bxc5 $142 {makes sure everything is clear} 28.
dxc5 Bxc5 29. Qxc5 Rd8 $19) 28. Nc4 $4 $19 {
an unfortunate move that relinquishes the win} (28. Nb3 Rf7 29. Nd2 $19) 28...
bxc5 29. dxc5 Bc8 (29... Bc7 $5 {might be the shorter path} 30. Nd2 $19) 30. g3
e5 31. Nd6 Bh3 (31... Bf5 $142 $5 {seems even better} 32. Rxe5 Rxe5 33. Qxe5
$19) 32. Qe2 (32. Nxe8 {does not save the day} Rxe8 33. b4 Bg5 $19) 32... Re7
33. Qc4+ (33. b4 {does not improve anything} Bc7 $19) 33... Be6 34. Qe2 (34.
Qc3 {does not help much} Bxa2 35. b3 Re6 $19) 34... Bd5 35. Rb4 Qb1+ 36. Qf1
Qg6 $11 (36... Qxf1+ $142 {finishes off the opponent} 37. Kxf1 Bc7 $19) 37. Nb7
$4 $19 {stumbles just before the finish line} (37. Qe2 Ba5 38. Re4 $19) 37...
Rff7 (37... Rxb7 38. Ra4 Rxb2 39. Rb4 Rxb4 40. f3 Rxf3 41. Qd1 Rxg3+ 42. Kf2
Rg2+ 43. Ke1 Bh4+ 44. Kf1 Bc4+ 45. Qe2 Bxe2#) 38. a3 (38. Nxd8 {
no good, but what else?} Rf8 39. Rb8 $19) 38... Rxb7 39. Qe1 Rxb4 {
Threatening mate: Rxb2} 40. axb4 Qg4 {The mate threat is Qf3} 41. Qc1 (41. Qd2
{a fruitless try to alter the course of the game} Qf3 42. Kf1 Qg2+ 43. Ke1 Qg1+
44. Ke2 Rxf2+ 45. Kd3 Rf3+ 46. Qe3 Qd1+ 47. Kc3 Rxe3#) 41... Qf3 42. Kf1 (42.
Qg5+ {does not solve anything} Bxg5 43. b5 Qxf2#) 42... Qh1+ (42... Qxf2#) 43.
Ke2 Bf3+ (43... Qxc1 44. f4 Bc4+ 45. Kf3 Qf1+ 46. Ke4 Qe2#) 44. Kd2 Bg5+ 45.
Kc2 Qxc1+ 46. Kb3 Bd5+ 47. Ka4 Qa1# 0-1

[Event "Norwood Centenary"]
[Site "Norwood"]
[Date "1990.04.15"]
[Round "3.1"]
[White "Speck, Nicholas S"]
[Black "Hoff, Gregory A"]
[Result "1-0"]
[WhiteElo "1905"]
[BlackElo "1670"]
[PlyCount "67"]
[EventDate "1990.04.14"]
[EventType "swiss"]
[EventRounds "6"]
[EventCountry "AUS"]

1. e4 c5 2. Nc3 Nc6 3. g3 Nf6 4. Bg2 e6 5. d3 {Sicilian Defence [Closed System]
} h6 (5... d5 6. exd5 (6. Bf4 a6 7. Bd2 Be7 8. f4 b5 9. e5 Nd7 10. Nf3 Bb7 11.
O-O O-O 12. h3 f6 13. exf6 Bxf6 14. Qe2 b4 15. Qxe6+ Kh8 16. Nxd5 Bxb2 17. Rab1
Nd4 18. Nxd4 Bxd4+ 19. Kh2 Re8 20. Qg4 Bxd5 {
Worek,J-Aketaeva,A/Menorca 1996/1-0 (49)}) 6... exd5 7. Bg5 Be7 8. Nge2 d4 9.
Bxf6 Bxf6 10. Nd5 O-O 11. O-O Rb8 12. Nef4 Be5 13. Re1 Bd6 14. Qh5 g6 15. Qh6
Be5 16. Rxe5 Nxe5 17. Nh5 gxh5 18. Nf6+ Qxf6 19. Qxf6 Ng6 20. Re1 {
Zakharov,A-Cherniaev,A/Leningrad op 1991/TD 91\03/1-0 (43)}) 6. f4 $146 (6.
Nge2 Be7 7. h3 d6 8. f4 d5 9. e5 Nd7 10. O-O Rb8 11. a4 a6 12. Bd2 b5 13. axb5
axb5 14. Nb1 Nb6 15. c3 c4 16. d4 Qc7 17. g4 Na4 18. Qc2 Na5 19. Nc1 Bd7 20. f5
Bf8 {Fantini,D-Dimova,D/WchJW-U14 Szeged 1994/TD 94\01/1-0 (43)}) 6... d5 7. e5
{This push gains space} Nd7 8. Nf3 Be7 9. O-O a6 {Prevents intrusion on b5} 10.
Qe1 O-O 11. g4 Qc7 12. Bd2 Nd4 13. Rc1 f6 {Consolidates g5} 14. f5 {
White gets more space} Nxf3+ ({Worse is} 14... fxe5 15. fxe6 Nxe6 16. Nxd5 $16)
15. Bxf3 Nxe5 ({Inferior is} 15... fxe5 16. fxe6 Nf6 17. Nxd5 $16) 16. fxe6
Nxf3+ (16... Bxe6 $6 17. Bxd5 Qd7 18. Qe4 $11) 17. Rxf3 Rd8 18. Qe2 b5 $11 (
18... d4 $142 $5 $17) 19. Re1 $15 (19. Bf4 Qa5 20. a3 c4 $11) 19... Qc6 $11 (
19... d4 20. Bf4 Qa7 21. Ne4 $17) 20. Bf4 a5 $15 (20... Re8 $5 $17) 21. h4 $17
(21. Nd1 $5 $15) 21... d4 22. Qe4 Qb6 $4 $18 {gives the opponent counterplay} (
22... Qxe4 $142 23. Nxe4 Ra6 $17) 23. Nd5 $4 $14 {
not a good decision, because now the opponent is right back in the game} (23.
Qg6 $142 {the advantage is on the side of White} Bxe6 24. Bxh6 $18) 23... Rxd5
24. Qxd5 Bb7 25. Qh5 {White prepares the advance g5} Bxf3 26. Qf7+ Kh7 27. Qxe7
$15 (27. Bxh6 $5 {is noteworthy} Bf8 28. Bxg7 Bxg7 29. Qh5+ Kg8 30. Qf7+ Kh8
31. Qh5+ Kg8 32. Qf7+ Kh8 33. Qh5+ Kg8 $11) 27... Qc6 $11 (27... Bxg4 $142 $5 {
should be investigated more closely} 28. Qf7 Qc6 $17) 28. g5 {White wins space}
hxg5 29. hxg5 Re8 $2 $18 (29... Qb7 $142 30. Qxc5 Qd5 31. Qxd5 Bxd5 $16) 30.
Qf7 {Threatening mate: g6} fxg5 31. Be5 {Do you see the mate threat?} (31. Bxg5
Rc8 32. Rf1 Qd5 $18) 31... Qb7 (31... Rg8 32. Rf1 Qe8 33. Rxf3 $18 (33. Qxf3 $6
Qxe6 34. Qe4+ Qg6 $18)) 32. Qxe8 Bg4 33. Qf7 {Threatening mate... how?} Bh3 (
33... Qxf7 {doesn't change anything anymore} 34. exf7 Kg6 35. f8=Q Be2 36.
Qxg7+ Kf5 37. Qf6+ Kg4 38. Qe6+ Kh5 39. Rxe2 g4 40. Rh2+ Kg5 41. Qf6#) 34. Qxb7
(34. Qxb7 Kh6 35. Qxg7+ Kh5 36. Qh7+ Kg4 37. Re4+ Kf3 38. Qxh3#) 1-0